| 000 | 01884nam a2200445Ii 4500 | ||
|---|---|---|---|
| 001 | DIGUVALLE118 | ||
| 003 | NyNyDIG | ||
| 008 | 171012s2015 ck a ob 000 0 spa d | ||
| 006 | m o d | ||
| 007 | cr ||||||||||| | ||
| 035 | _a(OCoLC)965760969 | ||
| 040 |
_aDGITA _beng _erda _epn _cDGITA |
||
| 020 |
_a9781512934137 _q(eBook ; _qpdf) |
||
| 020 |
_a1512934135 _q(eBook ; _qpdf) |
||
| 020 | _z9789587651652 | ||
| 020 | _z9587651650 | ||
| 050 | 1 | 4 | _aP302 ebook |
| 082 | 0 | 4 | _a401.41 |
| 100 | 1 |
_aMartínez, María Cristina, _eauthor. |
|
| 245 | 1 | 3 |
_aLa argumentación en la enunciación : _bla construcción del proceso argumentativo en el discurso : perspectivas teóricas y trabajos prácticos / _cMaría Cristina Martínez Solís. |
| 264 | 1 |
_aCali, Colombia : _bUniversidad del Valle, Programa Editorial, _c[2015] |
|
| 300 |
_a1 online resource : _billustrations. |
||
| 336 |
_atext _btxt _2rdacontent |
||
| 337 |
_acomputer _bc _2rdamedia |
||
| 338 |
_aonline resource _bcr _2rdacarrier |
||
| 490 | 1 | _aColección Artes y Humanidades | |
| 504 | _aIncludes bibliographical references. | ||
| 588 | 0 | _aOnline resource; title from PDF title page (Digitalia, viewed October 14, 2017) | |
| 650 | 0 | _aDiscourse analysis. | |
| 650 | 0 | _aPersuasion (Rhetoric) | |
| 650 | 0 | _aDebates and debating. | |
| 655 | 0 | _aElectronic books. | |
| 791 | 2 |
_aDigitalia (Firm), _edistributor. |
|
| 793 | 0 |
_gDigitalia eBook Collection: _aUniversidad del Valle (Cali, Colombia) |
|
| 776 | 0 | 8 |
_iPrint version: _aMartínez Solís, María Cristina. _tArgumentación en la enunciación. _b2a edición. _dCali, Colombia : Universidad del Valle, Programa Editorial, 2015 _z9789587651652 |
| 830 | 0 | _aColección Artes y humanidades (Universidad del Valle) | |
| 856 | 4 | 0 |
_3Digitalia Hispánica _uhttps://www.digitaliapublishing.com/a/44049/ |
| 910 | _aPremium collection: 2017 | ||
| 942 | _cRAA | ||
| 999 |
_c248385 _d248385 |
||